ادارة الانتاج والعمليات = Production and Operations Management / (Record no. 33964)
[ view plain ]
| 000 -LEADER | |
|---|---|
| fixed length control field | 01088nam a22002297a 4500 |
| 003 - CONTROL NUMBER IDENTIFIER | |
| control field | JO-AjAnu |
| 005 - DATE AND TIME OF LATEST TRANSACTION | |
| control field | 20250723112841.0 |
| 008 - FIXED-LENGTH DATA ELEMENTS--GENERAL INFORMATION | |
| fixed length control field | 250723b jo ||||| |||| 00| 0 ara d |
| 020 ## - INTERNATIONAL STANDARD BOOK NUMBER | |
| International Standard Book Number | 9789933914943 |
| 040 ## - CATALOGING SOURCE | |
| Original cataloging agency | JO-AjAnu |
| Language of cataloging | ara |
| Transcribing agency | JO-AjAnu |
| Modifying agency | JO-AjAnu |
| Description conventions | rda |
| 041 ## - LANGUAGE CODE | |
| Language code of text/sound track or separate title | ara |
| Language code of original | ara |
| 050 ## - LIBRARY OF CONGRESS CALL NUMBER | |
| Classification number | TS155 |
| Item number | 2012 |
| 100 #1 - MAIN ENTRY--PERSONAL NAME | |
| Personal name | محسن، عبد الكريم |
| Relator term | مؤلف |
| 9 (RLIN) | 66632 |
| 245 #0 - TITLE STATEMENT | |
| Title | ادارة الانتاج والعمليات = Production and Operations Management / |
| Statement of responsibility, etc. | تاليف عبد الكريم محسن، صباح مجيد النجار |
| 250 ## - EDITION STATEMENT | |
| Edition statement | الطبعة الرابعة مزيدة ومنقحة |
| 260 ## - PUBLICATION, DISTRIBUTION, ETC. | |
| Place of publication, distribution, etc. | بغداد : |
| Name of publisher, distributor, etc. | دار الذاكرة للنشر والتوزيع، |
| Date of publication, distribution, etc. | 2012 |
| 300 ## - PHYSICAL DESCRIPTION | |
| Extent | 635 صفحة |
| 504 ## - BIBLIOGRAPHY, ETC. NOTE | |
| Bibliography, etc. note | يحتوي على قائمة مصادر |
| 650 70 - SUBJECT ADDED ENTRY--TOPICAL TERM | |
| Topical term or geographic name entry element | ادارة الانتاج-تخطيط الانتاج-بحوث العمليات-الطاقة-الجودة-ضبط الجودة-المصانع-تنظيم المصانع-التجهيز |
| 9 (RLIN) | 66633 |
| 700 #1 - ADDED ENTRY--PERSONAL NAME | |
| Personal name | النجار، صباح مجيد |
| Relator term | مؤلف مشارك |
| 9 (RLIN) | 66634 |
| 942 ## - ADDED ENTRY ELEMENTS (KOHA) | |
| Source of classification or shelving scheme | Library of Congress Classification |
| Koha item type | Books |
| Suppress in OPAC | No |
| Withdrawn status | Lost status | Source of classification or shelving scheme | Damaged status | Not for loan | Home library | Current library | Date acquired | Total Checkouts | Full call number | Barcode | Date last seen | Price effective from | Koha item type |
|---|---|---|---|---|---|---|---|---|---|---|---|---|---|
| Library of Congress Classification | مكتبة جامعة عجلون الوطنية | مكتبة جامعة عجلون الوطنية | 23/07/2025 | TS155 2012 | a30244 | 23/07/2025 | 23/07/2025 | Books |